000 00851nam a2200241Ia 4500
003 OSt
005 20220923220959.0
006 a|||||r|||| 00| 0
007 ta
008 220922b |||||||| |||| 00| 0 hin d
024 _a193,223
037 _cTextual
040 _aARTS
_cARTS
_bhin
041 _2hin
_ahin
082 _aV2:2.N7, 152M4
100 _aकौशिक, सुशीला, संपा.
245 0 _aभारतीय शासन एवं राजनीति
246 _aBhāratīya shāsan evan rājanīti
260 _aदिल्ली
_b हिन्दी माध्यम कार्यान्वय निदेशालय
_c1984
300 _a551पृ.
_ccm.
942 _hV2:2.N7, 152M4
_cTEXL
_2CC
999 _c345714
_d345714